000 006260000a22002290004500
003 LK-CoMWRAF
005 20231020103711.0
008 230817t2002 ||||| |||| 00| 0 eng d
020 _a1564774236
040 _aLK-CoMWRAF
_dLK-CoMWRAF
_eLK-CoMWRAF
041 _aeng
082 _a746.44
_bEAT
100 _aEaton, Patti
245 _aBlossoms in Winter:
_b14 designs in wool-felt applique
260 _aWoodinville:
_bMartingale & Company,
_c2002
300 _a63 p. : ill (chiefly col.) ; 28 cm.
650 _aFELT WORK
650 _aAppliqué
650 _aFlowers in art
700 _aMostek, Pamela
942 _cBK
999 _c1306
_d1306